000 00922nam a22002657a 4500
005 20170123162301.0
010 _aA-304559
020 _c17.00
035 _aA-304559
037 _bCen Lib/Ret
040 _aDPL
_bUR
082 _a954.16
100 _aاحمد، شجادہ مرزا اختر گورکانی
_9415
245 _a/ سونے دلہی
_cسہجادہ مرزا احمد اختر گورکانی; مرتبہ امرگوب ابدی
246 _aSawane delhi
_bby Shazada Mirza Ahmad Akhter Gorkani
260 _a دیللی
_bاردو اکادمی
_c1987
270 _a
_b دیللی
_e110006
300 _a64p.;
_c21cm(pbk)
_bill.
500 _aفہرست, بیبلورگرفے
650 _a تاریخ
_zدلھی
_9136919
650 _a تہجیب
_zدلھی
_9136920
650 _aHistory
_zDelhi
_9418
650 _aCultures
_zDelhi
_9419
942 _2ddc
_cUR
_h954.16
_mا ح م
999 _c105995
_d105995